Adónde va la ciencia?
Αποθηκεύτηκε σε:
| Κύριος συγγραφέας: | |
|---|---|
| Μορφή: | Βιβλίο |
| Γλώσσα: | Ισπανικά |
| Έκδοση: |
Buenos Aires
Losada
1947
|
| Θέματα: | |
| Ετικέτες: |
Προσθήκη ετικέτας
Δεν υπάρχουν, Καταχωρήστε ετικέτα πρώτοι!
|
MARC
| LEADER | 00000nam a2200000 a 4500 | ||
|---|---|---|---|
| 001 | UCH3291 | ||
| 003 | CL-VaPUC | ||
| 008 | 090723e19470000AG |||||||||||||||||spa|d | ||
| 082 | 0 | 4 | |a 501 |b PLA |2 21 |
| 100 | 0 | |a Planck, Max |e author |9 330080 | |
| 245 | 1 | 0 | |a Adónde va la ciencia? |
| 300 | |a 242 p | ||
| 942 | |c BK | ||
| 945 | |d 20090723 00:00:00 |a rbrito | ||
| 260 | |a Buenos Aires |b Losada |c 1947 | ||
| 650 | 0 | |a Filosofía de las ciencias |9 256466 | |
| 583 | |a last modification |c 20090723 00:00:00 |k Rodrigo Vera | ||
| 999 | |c 334908 |d 334906 | ||